| 000 | 00718cam a22002533a 4500 | ||
|---|---|---|---|
| 001 | 19917 | ||
| 003 | PGUSA | ||
| 005 | 20140828083424.0 | ||
| 008 | 061126s2006||||xxu|||||s|||||000 p eng d | ||
| 040 |
_aPGUSA _beng |
||
| 042 | _adc | ||
| 050 | 4 | _aPA | |
| 100 | 1 |
_aVirgil, _d-70--19 |
|
| 245 | 1 | 0 |
_aBucolica _h[electronic resource] / _cVirgil |
| 260 |
_bProject Gutenberg, _c2006 |
||
| 506 | _aPublic domain in the USA. | ||
| 516 | _aElectronic text | ||
| 653 | _aPastoral poetry, Latin -- Translations into Finnish | ||
| 653 | _aCountry life -- Rome -- Poetry | ||
| 700 | 1 |
_aMellin, Robert, _d1826-1880 |
|
| 830 | 0 |
_aProject Gutenberg _v19917 |
|
| 856 | 4 | 0 | _uhttp://www.gutenberg.org/ebooks/19917 |
| 942 | _cEB | ||
| 999 |
_c249172 _d249172 |
||